| 000 | 01174nam a2200313 i 4500 | ||
|---|---|---|---|
| 003 | EG-GICUC | ||
| 005 | 20260418190335.0 | ||
| 008 | 260418s1940 fr |||fr|||| 000 0 fre d | ||
| 040 |
_aEG-GICUC _cEG-GICUC _dEG-GICUC _erda _bfre |
||
| 041 | 0 | _afre | |
| 082 | 0 | 4 |
_221 _a343.3 _bHU . T |
| 092 | 0 | 4 | _221 |
| 099 | _aLaw1 10 343.3 HU . T 1940 | ||
| 100 | 1 |
_aHugueney, Pierre _eAuteur |
|
| 245 | 1 | 0 |
_aTraité théorique et pratique de Droit pénal et de procédure pénale militaires : _bOuvrage courunne par l'Académie des Scieners murales Pris Fréville 1934 - Crimes el delits contre la sûreté extérieure de l'Étal/ _cPar Pierre Hugueney. |
| 264 | 1 |
_aParis : _bRecueil Sirey, _c1940. |
|
| 300 |
_a173 pages ; _c28 cm. _billustration ; |
||
| 336 |
_atexte _2rda contenu |
||
| 337 |
_aOrdinateur _2rda medias |
||
| 338 |
_aRessource en ligne _2transporteur rda |
||
| 504 | _aBibliography: pages 200-250. 240-220 | ||
| 546 | _aTexte en français | ||
| 650 | 1 |
_aDroit pénal _2qrmak |
|
| 650 | 1 |
_aDroit de procédure pénale _2qrmak |
|
| 651 | 1 | _2qrmak | |
| 856 | _uhttps://fll.law.cu.edu.eg/fulltext/bks/B10-08908.pdf | ||
| 905 | _a43 | ||
| 942 |
_2ddc _cBK _e21 _n0 |
||
| 999 |
_c71695 _d71695 |
||